Biogas from waste and waste water treatment

Περιέχει πληροφορίες για το τι σημαίνει Biogas καθώς και πληροφορίες για τον τρόπο δημιουργίας ενός φυτού Biogas.Αναφορές για τα μέρη όπου υπάρχουν τα φυτά Biogas.

Αποθηκεύτηκε σε:
Λεπτομέρειες βιβλιογραφικής εγγραφής
Κύριος συγγραφέας: Nyns, E. J.
Συγγραφή απο Οργανισμό/Αρχή: University of Louvain-la-Neuve Unit of Bioengineering
Άλλοι συγγραφείς: Thomas, Sylviane Ir
Μορφή: Ηλεκτρονική πηγή
Γλώσσα:Multiple
Δημοσίευση: Belgium : LIOR, 1998-1999
Σειρά:LIOR CD-ROM collection
Θέματα:
Ετικέτες: Προσθήκη ετικέτας
Δεν υπάρχουν, Καταχωρήστε ετικέτα πρώτοι!

MARC

LEADER 00000nmm a2200000 i 4500
001 1/51805
008 040318s1999 be mul d
020 |a 2-930243-00-7 
035 |l 10072814 
040 |a GR-MY-UA  |b gre  |e aacr 
041 0 |a mul 
082 0 |a 363.63 
100 1 |a Nyns, E. J. 
245 1 0 |a Biogas from waste and waste water treatment  |h [αρχείο Η/Υ] /  |c Prof. E-J Nyns, Ir. Sylviane Thomas 
260 |a Belgium :   |b LIOR,   |c 1998-1999 
300 |a 1 οπτική δισκέτα λέϊζερ H/Y;  |c 4 3/4 ίν. 
490 1 |a LIOR CD-ROM collection 
500 |a Περιέχει 1 εγχειρίδιο 
500 |a version 2 
520 |a Περιέχει πληροφορίες για το τι σημαίνει Biogas καθώς και πληροφορίες για τον τρόπο δημιουργίας ενός φυτού Biogas.Αναφορές για τα μέρη όπου υπάρχουν τα φυτά Biogas. 
538 |a Ελάχιστες απιτήσεις συστήματος: PC 100; ελάχιστη μνήμη RAM 8Mb; ανάλυση οθόνης VGA 65536; κάρτα ήχου. 
650 0 0 |a Gas power plants  |x Software. 
650 0 0 |a Biogas  |x Software. 
700 1 |a Thomas, Sylviane Ir. 
710 2 |a University of Louvain-la-Neuve  |b Unit of Bioengineering. 
830 0 |a LIOR CD-ROM collection 
852 |a INST  |b LESVOS  |c AV  |e 20040318  |h 363.63 NYN  |p 005100028302  |q 005100028302  |t CDROM  |y 23 
901 |a BIBL1-2004-1 
909 |a Λ  |b 111190 
922 |a 1ΕΛΗ  |b 200003  |c ΤΑΚ/ΤΠ  |d LEADER 
970 |a ΜΑΡΙΝΑΤΟΥ  |b ΜΥΡΣΙΝΗ  |z 2004/03/18